[Event "FIDE World Blitz 2013"]
[Site "Khanty-Mansiysk RUS"]
[Date "2013.06.09"]
[Round "15.10"]
[White "Akopian, Vladimir"]
[Black "Ponkratov, Pavel"]
[Result "1-0"]
[WhiteTitle "GM"]
[BlackTitle "GM"]
[WhiteElo "2691"]
[BlackElo "2605"]
[WhiteFideId "13300032"]
[BlackFideId "4157800"]
[EventDate "2013.06.09"]

1. Nf3 Nf6 2. g3 c5 3. Bg2 Nc6 4. c4 e5 5. O-O d5 6. cxd5 Nxd5 7. Nc3 Nc7 8. d3
Be7 9. Nd2 Bd7 10. Nc4 O-O 11. Bxc6 Bxc6 12. Nxe5 Be8 13. Qb3 b6 14. Be3 Kh8 15.
Rfd1 f6 16. Nf3 Bf7 17. Qc2 Nd5 18. d4 Nxe3 19. fxe3 Qc8 20. Qe4 Re8 21. Qf4 Bf8
22. d5 c4 23. d6 Qc5 24. d7 Red8 25. Rd4 Qc6 26. Rad1 Bc5 27. R4d2 Qe6 28. Ne4
Bb4 29. Rd4 Bg6 30. a3 Be7 31. Nh4 Bh5 32. Qf5 Bf7 33. Qxe6 Bxe6 34. Nf3 a5 35.
Nd6 Rxd7 36. Nf7+ Kg8 37. Rxd7 Bxd7 38. Nh6+ gxh6 39. Rxd7 Bc5 40. Kf2 b5 41.
Rd5 Rc8 42. Nd2 c3 43. bxc3 a4 44. Ne4 Bxa3 45. Rxb5 Be7 46. Rb7 Kf8 47. Ra7 a3
48. g4 h5 49. h3 hxg4 50. hxg4 Rc6 51. Kf3 Kf7 52. Ng3 Ke6 53. Nf5 Bc5 54. Nd4+
Kd5 55. Ra5 Rc8 56. Nc2 Re8 57. e4+ Kc6 58. Nb4+ Kb6 59. Rxa3 Kb5 60. Ra2 Bxb4
61. Rb2 Kc4 62. cxb4 Kc3 63. Rb1 Kc2 64. Rh1 Re7 65. b5 Rb7 66. Rh6 Rf7 67. b6
Kc3 68. Kf4 Kd4 69. Kf5 1-0

[Event "FIDE World Blitz 2013"]
[Site "Khanty-Mansiysk RUS"]
[Date "2013.06.09"]
[Round "15.11"]
[White "Zvjaginsev, Vadim"]
[Black "Grachev, Boris"]
[Result "1/2-1/2"]
[WhiteTitle "GM"]
[BlackTitle "GM"]
[WhiteElo "2659"]
[BlackElo "2683"]
[WhiteFideId "4113403"]
[BlackFideId "4129199"]
[EventDate "2013.06.09"]

1. c4 e6 2. Nc3 d5 3. d4 Nf6 4. Bg5 Be7 5. e3 Nbd7 6. cxd5 Nxd5 7. Bxe7 Qxe7 8.
Rc1 N7f6 9. Nf3 O-O 10. Bd3 b6 11. O-O Bb7 12. Nxd5 Bxd5 13. a3 c5 14. dxc5 bxc5
15. Qc2 Rab8 16. e4 c4 17. exd5 cxd3 18. Qxd3 Nxd5 19. b4 Qf6 20. Qd4 Nf4 21.
Qxf6 gxf6 22. Rc5 Rfc8 23. Ra5 Rb7 24. g3 Nd5 25. Rd1 Rc2 26. Rd2 Rc1+ 27. Kg2
Kg7 28. Nd4 Rcc7 29. Nf5+ exf5 30. Rdxd5 f4 31. Rd4 fxg3 32. Rg4+ Kf8 33. hxg3
Rc3 34. Rd4 Re7 35. Rf4 Rc6 36. Rh5 Ra6 37. Rf3 Kg7 38. Rc5 Re5 39. Rc4 Rg5 1/2-1/2

[Event "FIDE World Blitz 2013"]
[Site "Khanty-Mansiysk RUS"]
[Date "2013.06.09"]
[Round "15.12"]
[White "Artemiev, Vladislav"]
[Black "Moiseenko, Alexander"]
[Result "0-1"]
[WhiteTitle "IM"]
[BlackTitle "GM"]
[WhiteElo "2524"]
[BlackElo "2711"]
[WhiteFideId "24101605"]
[BlackFideId "14102560"]
[EventDate "2013.06.09"]

1. Nf3 Nf6 2. g3 d5 3. Bg2 b5 4. O-O Bb7 5. a4 b4 6. d3 e6 7. Nbd2 Be7 8. e4 c5
9. exd5 Bxd5 10. Nc4 O-O 11. Nfe5 Bxg2 12. Kxg2 Nd5 13. Bd2 f6 14. Nf3 Nc6 15.
Qe2 e5 16. c3 Qd7 17. Rfd1 Rfe8 18. Rac1 Bf8 19. cxb4 Ndxb4 20. Bxb4 Nxb4 21. b3
Rad8 22. Ne1 Qd5+ 23. Qf3 Rd7 24. Qxd5+ Rxd5 25. Ne3 Rd7 26. Kf3 Red8 27. Rc3 g6
28. N3c2 Nd5 29. Rc4 Kf7 30. Ke2 Ke6 31. Ng2 Nb6 32. Re4 f5 33. Re3 Kf7 34. Rxe5
Bd6 35. Re3 Nd5 36. Kd2 Nxe3 37. Ngxe3 f4 38. Nc4 fxg3 39. hxg3 Bxg3 40. Ke2 Bc7
41. N2e3 Kg7 42. Nb2 Be5 43. Nbc4 Bd4 44. Nc2 h5 45. Nxd4 Rxd4 46. Nb2 Rb8 47.
Rc1 0-1

[Event "FIDE World Blitz 2013"]
[Site "Khanty-Mansiysk RUS"]
[Date "2013.06.09"]
[Round "15.15"]
[White "Gundavaa, Bayarsaikhan"]
[Black "Potkin, Vladimir"]
[Result "1/2-1/2"]
[WhiteTitle "GM"]
[BlackTitle "GM"]
[WhiteElo "2516"]
[BlackElo "2647"]
[WhiteFideId "4901045"]
[BlackFideId "4131061"]
[EventDate "2013.06.09"]

1. e4 c5 2. Nf3 e6 3. g3 Nc6 4. Bg2 Nf6 5. Qe2 d5 6. exd5 Nxd5 7. O-O Be7 8. Rd1
Qb6 9. c3 O-O 10. Na3 Rd8 11. d4 cxd4 12. Nc4 Qc7 13. Nxd4 Nxd4 14. Rxd4 Bf6 15.
Rd1 Bd7 16. Ne3 Nxe3 17. Bxe3 a6 18. Rd2 Bb5 19. Qf3 Bc6 20. Rxd8+ Rxd8 21. Qf4
Qxf4 22. Bxf4 Bxg2 23. Kxg2 g5 24. Be3 Be7 25. Kf3 f5 26. h3 Kf7 27. Ke2 e5 28.
Rd1 Rxd1 29. Kxd1 Ke6 30. g4 f4 31. Bb6 e4 32. Ke2 Kd5 33. b3 Bf6 34. c4+ Kc6
35. Ba5 Kc5 36. f3 exf3+ 37. Kxf3 Kd4 38. Be1 Kd3 39. h4 Kc2 40. hxg5 Bxg5 41.
Ke4 Kb2 42. Kf5 h6 43. b4 Kxa2 44. c5 Kb3 45. Ke4 Kc4 46. Bd2 f3 47. Be1 Bc1 48.
Kxf3 Ba3 49. c6 bxc6 50. Bd2 Bxb4 51. Bxh6 a5 52. g5 a4 53. g6 Bc3 54. g7 Bxg7
55. Bxg7 Kd3 56. Bf8 Kd4 57. Ke2 c5 58. Kd2 a3 59. Kc2 Kc4 60. Bxc5 Kxc5 61. Kb3 1/2-1/2

[Event "FIDE World Blitz 2013"]
[Site "Khanty-Mansiysk RUS"]
[Date "2013.06.09"]
[Round "15.20"]
[White "Lagno, Kateryna"]
[Black "Georgiev, Kiril"]
[Result "1-0"]
[WhiteTitle "GM"]
[BlackTitle "GM"]
[WhiteElo "2542"]
[BlackElo "2636"]
[WhiteFideId "14109336"]
[BlackFideId "2900017"]
[EventDate "2013.06.09"]

1. e4 e5 2. Nf3 Nc6 3. Bb5 Nf6 4. d3 Bc5 5. c3 O-O 6. O-O Re8 7. Nbd2 a6 8. Ba4
Ba7 9. Re1 d6 10. h3 Bd7 11. Nf1 Ne7 12. Bb3 Ng6 13. Ng3 h6 14. d4 Be6 15. Bxe6
Rxe6 16. Be3 Re8 17. Qb3 Qc8 18. dxe5 Nxe5 19. Nxe5 dxe5 20. Bxa7 Rxa7 21. Rad1
Ra8 22. Rd2 b6 23. Qc4 g6 24. Red1 Kg7 25. Nf1 Qe6 26. Qxc7 Nxe4 27. Re2 Nf6 28.
Rd6 Qxa2 29. Qxb6 Ng8 30. Qe3 a5 31. b4 Qc4 32. bxa5 Rxa5 33. Ng3 Rd5 1-0

[Event "FIDE World Blitz 2013"]
[Site "Khanty-Mansiysk RUS"]
[Date "2013.06.09"]
[Round "15.23"]
[White "Cherniaev, Alexander"]
[Black "Vasquez Schroeder, Rodrigo"]
[Result "1-0"]
[WhiteTitle "GM"]
[BlackTitle "GM"]
[WhiteElo "2447"]
[BlackElo "2542"]
[WhiteFideId "4117301"]
[BlackFideId "3400042"]
[EventDate "2013.06.09"]

1. e4 c5 2. c3 d5 3. exd5 Qxd5 4. Nf3 g6 5. Na3 Bg7 6. Bc4 Qe4+ 7. Kf1 e6 8. d3
Qf5 9. Nb5 Kd8 10. Nd6 Qh5 11. Nxf7+ Ke7 12. Nxh8 Bxh8 13. Bg5+ Kf8 14. Qe2 Qg4
15. Re1 e5 16. Bh4 Nc6 17. Bg3 Bf5 18. h3 Qh5 19. Nxe5 Qxe2+ 20. Rxe2 Na5 21.
Bd5 Rd8 22. c4 Nf6 23. Bh4 Bg7 24. g4 Bc8 25. Bxf6 Bxf6 26. Kg2 a6 27. Rhe1 Kg7
28. f4 b5 29. g5 Bxe5 30. Rxe5 1-0

[Event "FIDE World Blitz 2013"]
[Site "Khanty-Mansiysk RUS"]
[Date "2013.06.09"]
[Round "15.24"]
[White "Pasiev, Rakhim"]
[Black "Ram, S. Krishnan"]
[Result "1-0"]
[WhiteTitle "IM"]
[WhiteElo "2384"]
[BlackElo "2248"]
[WhiteFideId "24122475"]
[BlackFideId "5010519"]
[EventDate "2013.06.09"]

1. d4 Nf6 2. Nc3 d5 3. Bg5 Bf5 4. e3 e6 5. Bd3 Bxd3 6. cxd3 Nbd7 7. Nf3 Be7 8.
O-O O-O 9. Qb3 b6 10. Rac1 c5 11. h3 Rc8 12. Bf4 cxd4 13. exd4 Nh5 14. Bh2 Bg5
15. Nxg5 Qxg5 16. Qa4 Ndf6 17. Qxa7 Qd2 18. Qxb6 Qxd3 19. g4 Qxh3 20. gxh5 Qg4+
21. Bg3 Nxh5 22. Qd6 Qxd4 23. Qe5 Qg4 24. Kg2 f6 25. f3 Qg6 26. Qxe6+ Kh8 27.
Qg4 Qf7 28. Rh1 g6 29. Rhd1 Rc4 30. Rd4 f5 31. Qh4 f4 32. Rxc4 fxg3 33. Qd4+ Ng7
34. Qxd5 1-0

[Event "FIDE World Blitz 2013"]
[Site "Khanty-Mansiysk RUS"]
[Date "2013.06.09"]
[Round "15.26"]
[White "Kobalia, Mikhail"]
[Black "Potapov, Pavel"]
[Result "1-0"]
[WhiteTitle "GM"]
[BlackTitle "IM"]
[WhiteElo "2651"]
[BlackElo "2460"]
[WhiteFideId "4119150"]
[BlackFideId "4169786"]
[EventDate "2013.06.09"]

1. e4 c5 2. Nf3 Nc6 3. Bb5 g6 4. Bxc6 dxc6 5. d3 Bg7 6. Nc3 e5 7. Be3 b6 8. h3
h6 9. Qd2 Be6 10. O-O Ne7 11. Nh2 g5 12. a3 Qd7 13. b4 c4 14. Rfd1 cxd3 15. cxd3
O-O 16. Qc2 f5 17. exf5 Nxf5 18. Ne4 Bd5 19. a4 Nd4 20. Bxd4 exd4 21. Re1 Rae8
22. Nd2 Qf5 23. Nc4 Qg6 24. b5 Kh8 25. Ng4 c5 26. a5 h5 27. Nge5 Qh6 28. axb6
axb6 29. Nd7 Rxe1+ 30. Rxe1 Rd8 31. Ncxb6 g4 32. Nxd5 Rxd7 33. Qxc5 Rf7 34. hxg4
hxg4 35. Qc8+ Kh7 36. Qxg4 Qd2 37. Qh5+ Kg8 38. Re8+ Bf8 39. Qg6+ 1-0

[Event "FIDE World Blitz 2013"]
[Site "Khanty-Mansiysk RUS"]
[Date "2013.06.09"]
[Round "15.27"]
[White "Salem, A.R. Saleh"]
[Black "Byambaa, Zulzaga"]
[Result "1-0"]
[WhiteTitle "GM"]
[BlackTitle "FM"]
[WhiteElo "2531"]
[BlackElo "2285"]
[WhiteFideId "9301348"]
[BlackFideId "4900642"]
[EventDate "2013.06.09"]

1. d4 Nf6 2. c4 e6 3. Nf3 c5 4. d5 d6 5. Nc3 e5 6. Bg5 Be7 7. e3 O-O 8. Qc2 Na6
9. a3 Nxd5 10. Nxd5 Bxg5 11. h4 Be7 12. Ng5 f5 13. g4 h6 14. gxf5 Bxf5 15. Bd3
Bxd3 16. Qxd3 Bxg5 17. hxg5 Qxg5 18. O-O-O Rae8 19. Rdg1 Qf5 20. Qxf5 Rxf5 21.
Rxh6 Rxf2 22. Rhg6 Rf7 23. Nf6+ Kf8 24. Nxe8 Kxe8 25. Rxd6 Nc7 26. Rgd1 Re7 27.
Rd8+ Kf7 28. Rf1+ Kg6 29. Rd6+ Ne6 30. Rd5 Ng5 31. Rxc5 Ne4 32. Rd5 Kg5 33. Kc2
b6 34. b4 Nf6 1-0

[Event "FIDE World Blitz 2013"]
[Site "Khanty-Mansiysk RUS"]
[Date "2013.06.09"]
[Round "15.28"]
[White "Kabanov, Nikolai"]
[Black "Frolyanov, Dmitry"]
[Result "0-1"]
[WhiteTitle "GM"]
[BlackTitle "GM"]
[WhiteElo "2472"]
[BlackElo "2570"]
[WhiteFideId "4127820"]
[BlackFideId "4151976"]
[EventDate "2013.06.09"]

1. e4 e5 2. Nc3 Nf6 3. Nf3 Nc6 4. d4 exd4 5. Nxd4 Bb4 6. Nxc6 bxc6 7. Bd3 d5 8.
exd5 cxd5 9. O-O O-O 10. h3 c6 11. Qf3 Rb8 12. Na4 Bd6 13. c4 Be5 14. Bf4 Qc7
15. Bxe5 Qxe5 16. b3 Ne4 17. Bxe4 dxe4 18. Qe3 f5 19. f4 Qe7 20. Rad1 Be6 21.
Qc5 Qc7 22. Rd6 Rbe8 23. Qxc6 Qf7 24. Nc5 Bc8 25. Qd5 e3 26. Re1 h6 27. Qxf7+
Rxf7 28. Nd3 g5 29. Rxh6 Bb7 30. Ne5 Rg7 31. Ng6 gxf4 32. Nxf4 Re4 33. Nd5 Bxd5
34. cxd5 f4 35. Rf6 Rd4 36. d6 Rd2 37. g4 fxg3 38. Rxe3 g2 39. Re1 Rd3 40. Rh6
Rd2 41. a4 a5 42. h4 Rd3 0-1

[Event "FIDE World Blitz 2013"]
[Site "Khanty-Mansiysk RUS"]
[Date "2013.06.09"]
[Round "15.29"]
[White "Sibriaev, Aleksandr"]
[Black "Al-Sayed, Mohammed"]
[Result "0-1"]
[WhiteTitle "FM"]
[BlackTitle "GM"]
[WhiteElo "2239"]
[BlackElo "2498"]
[WhiteFideId "4116070"]
[BlackFideId "12100196"]
[EventDate "2013.06.09"]

1. Nc3 Nf6 2. e4 d6 3. Nge2 c5 4. g3 g6 5. Bg2 Bg7 6. O-O O-O 7. d3 Nc6 8. h3
Rb8 9. a4 a6 10. f4 Nd7 11. g4 b5 12. axb5 axb5 13. e5 Nd4 14. Nxd4 cxd4 15. Ne4
dxe5 16. f5 Bb7 17. Bg5 Bxe4 18. Bxe4 Nc5 19. Bg2 Qc7 20. Kh1 Na4 21. Qd2 Nxb2
22. Qb4 Qxc2 23. Ra2 Nxd3 24. Qa3 b4 25. Qa7 Qc5 26. Qa6 b3 27. Ra5 Nb4 28. Rxc5
Nxa6 29. Ra5 Nb4 30. Rb1 Nd3 31. Bxe7 Rfc8 32. Ba3 b2 33. Kh2 Rc1 34. Be4 Rxb1
35. Bxd3 Rd1 36. Be4 b1=Q 37. Bxb1 Rdxb1 0-1

[Event "FIDE World Blitz 2013"]
[Site "Khanty-Mansiysk RUS"]
[Date "2013.06.09"]
[Round "15.30"]
[White "Nadanian, Ashot"]
[Black "Akbaev, Kazbek"]
[Result "0-1"]
[WhiteTitle "IM"]
[BlackTitle "IM"]
[WhiteElo "2428"]
[BlackElo "2475"]
[WhiteFideId "13300393"]
[BlackFideId "4131045"]
[EventDate "2013.06.09"]

1. e4 e6 2. d4 d5 3. Nc3 c5 4. exd5 exd5 5. Nf3 Be6 6. Bb5+ Nc6 7. O-O Nf6 8.
Re1 Be7 9. dxc5 O-O 10. Bxc6 bxc6 11. Be3 Rb8 12. Rb1 a5 13. Nd4 Qc7 14. h3 Nd7
15. Nxe6 fxe6 16. Qg4 Rf6 0-1

[Event "FIDE World Blitz 2013"]
[Site "Khanty-Mansiysk RUS"]
[Date "2013.06.09"]
[Round "16.4"]
[White "Movsesian, Sergei"]
[Black "Nguyen, Ngoc Truong Son"]
[Result "1/2-1/2"]
[WhiteTitle "GM"]
[BlackTitle "GM"]
[WhiteElo "2699"]
[BlackElo "2625"]
[WhiteFideId "310204"]
[BlackFideId "12401110"]
[EventDate "2013.06.09"]

1. Nf3 Nf6 2. g3 d5 3. Bg2 g6 4. O-O Bg7 5. d3 O-O 6. Nbd2 Nc6 7. e4 dxe4 8.
dxe4 a5 9. h3 Nd7 10. Nc4 b5 11. Ne3 Bb7 12. Qe2 b4 13. Rd1 Qc8 14. a3 Ba6 15.
Qe1 Nc5 16. axb4 axb4 17. Nd5 b3 18. cxb3 Nxb3 19. Ra3 Nxc1 20. Rxc1 Bxb2 21.
Rxa6 Rxa6 22. Rxc6 Rxc6 23. Nxe7+ Kg7 24. Nxc6 Qe6 25. Qb4 Bf6 26. Nfd4 Qd6 27.
Qxd6 cxd6 28. Nb5 Rc8 29. Nb4 Rb8 30. Bf1 h5 31. h4 g5 32. hxg5 Bxg5 33. Nd5 Rd8
34. f4 Bf6 35. Kg2 Rd7 36. Be2 h4 37. g4 Bd8 38. g5 f6 39. gxf6+ Bxf6 40. Kh3
Bd8 41. Bg4 Rb7 42. Be2 Rd7 43. Kg4 Kh6 44. Nd4 Rg7+ 45. Kf3 Rg3+ 46. Kf2 Ra3
47. Nf5+ Kh7 48. Bf3 h3 49. Nfe3 Bh4+ 50. Kg1 Bg3 51. Bg4 Ra1+ 52. Nd1 h2+ 53.
Kg2 Ra2+ 54. Kh1 Rd2 55. N1e3 Rf2 56. Bf5+ Kg8 57. Be6+ Kh8 58. Bh3 Ra2 59. Nf1
Ra1 60. f5 Be5 61. Ne3 Kg7 62. Ng4 Re1 63. Nxe5 dxe5 64. Bg2 Kf6 65. Kxh2 Kg5
66. Kg3 Ra1 67. Nd2 Ra3+ 68. Nf3+ Kf6 69. Kg4 Re3 70. Ng5 Re2 71. Bf3 Re1 72.
Nh7+ Kg7 73. Ng5 Kf6 74. Nh3 Re3 75. Nf2 Ra3 76. Kg3 Kg5 77. Ng4 Ra5 78. Ne3 Rc5
79. Nd5 Rc1 80. Kf2 Rc5 81. Ke2 Rc1 82. Kd2 Rc5 83. Be2 Rc6 84. Bb5 Rc5 85. Bd7
Rc4 86. Kd3 Rd4+ 87. Ke3 Rc4 88. f6 Kg6 89. Be8+ Kh7 90. Ne7 Rc3+ 91. Kd2 Rf3
92. Nf5 Kg8 93. Ke2 Rf4 94. Ke3 Kf8 95. Bh5 Kg8 96. f7+ Kf8 97. Nd6 Rh4 98. Bg6
Rh6 99. Nc4 Rxg6 100. Nxe5 1/2-1/2

[Event "FIDE World Blitz 2013"]
[Site "Khanty-Mansiysk RUS"]
[Date "2013.06.09"]
[Round "16.5"]
[White "Najer, Evgeniy"]
[Black "Cheparinov, Ivan"]
[Result "1/2-1/2"]
[WhiteTitle "GM"]
[BlackTitle "GM"]
[WhiteElo "2633"]
[BlackElo "2678"]
[WhiteFideId "4118987"]
[BlackFideId "2905540"]
[EventDate "2013.06.09"]

1. e4 c5 2. Nf3 d6 3. d4 cxd4 4. Nxd4 Nf6 5. Nc3 a6 6. Be3 e5 7. Nf3 Be7 8. Bc4
O-O 9. O-O Qc7 10. Bb3 Be6 11. Nh4 g6 12. Nf3 Re8 13. Rc1 Nbd7 14. Ng5 Bc4 15.
Re1 b5 16. a3 Rac8 17. h3 Qc6 18. Bd2 Kg7 19. Nf3 Nc5 20. Bxc4 bxc4 21. Qe2 Ne6
22. Be3 Rb8 23. Rb1 Rb7 24. Nd2 Rc8 25. Nf3 Bd8 26. Rec1 Rcb8 27. Nd2 Nd4 28.
Qxc4 Rc8 29. Qxc6 Rxc6 30. Bxd4 exd4 31. Ne2 Bb6 32. Kf1 Rbc7 33. c3 dxc3 34.
Rxc3 Rxc3 35. Nxc3 Bd4 36. Ne2 Rc2 37. Nxd4 Rxd2 38. Nf3 Rc2 39. Ne1 Rd2 40. Nf3
Rc2 41. Ne1 Rd2 42. f3 Nh5 43. b4 Ng3+ 44. Kg1 Ra2 45. Rd1 Ne2+ 46. Kh2 Rxa3 47.
Rxd6 Nf4 48. Kg3 Ne2+ 49. Kf2 Nf4 50. Kg3 Ne2+ 51. Kf2 Nf4 52. h4 h6 53. Nc2 Ra2
54. Rc6 g5 55. hxg5 hxg5 56. g3 Nd3+ 57. Ke3 Ne5 58. Rc3 Rb2 59. Rc5 f6 60. Nd4
Rxb4 61. Nf5+ Kg6 62. f4 Rb3+ 63. Ke2 gxf4 64. gxf4 Nd3 65. Ra5 Nxf4+ 66. Kf2
Nd3+ 67. Ke2 Nf4+ 68. Kf2 Rb6 69. Ra1 Nd3+ 70. Ke3 Ne5 71. Rg1+ Kf7 72. Rg7+ Kf8
73. Ra7 Rc6 74. Kf4 Rb6 75. Nd4 Rd6 76. Nf5 Rb6 77. Ne3 Rd6 78. Nd5 Nf7 79. Kf5
Kg7 80. Nf4 Rc6 81. Nh5+ Kf8 82. Nxf6 Nd6+ 83. Kg6 Rc1 84. e5 Rg1+ 85. Kh5 Nf5
86. Rxa6 Ke7 87. Nd5+ Ke8 88. e6 Ng3+ 89. Kh6 Nf5+ 90. Kh7 Rh1+ 91. Kg6 Ne7+ 92.
Nxe7 Kxe7 93. Kf5 1/2-1/2

[Event "FIDE World Blitz 2013"]
[Site "Khanty-Mansiysk RUS"]
[Date "2013.06.09"]
[Round "16.9"]
[White "Andreikin, Dmitry"]
[Black "Rublevsky, Sergei"]
[Result "1/2-1/2"]
[WhiteTitle "GM"]
[BlackTitle "GM"]
[WhiteElo "2713"]
[BlackElo "2695"]
[WhiteFideId "4158814"]
[BlackFideId "4115309"]
[EventDate "2013.06.09"]

1. e4 c5 2. Nc3 e6 3. g3 Nc6 4. Bg2 Nf6 5. Nge2 Be7 6. O-O O-O 7. d3 Rb8 8. f4
d6 9. h3 Qc7 10. g4 b5 11. Ng3 b4 12. Nce2 Re8 13. g5 Nd7 14. f5 Nce5 15. Nf4
Bxg5 16. fxe6 fxe6 17. Qh5 Qd8 18. Nxe6 Rxe6 19. Bxg5 Nf6 20. Bxf6 Rxf6 21. Rxf6
Qxf6 22. Rf1 Qe7 23. Nf5 Bxf5 24. exf5 Rf8 25. Kh1 Rf6 26. Qh4 Kh8 27. Qe4 Qf8
28. Kg1 g6 29. fxg6 Rxf1+ 30. Bxf1 hxg6 31. Bg2 a5 32. c3 Kg7 33. d4 cxd4 34.
Qxd4 bxc3 35. Qxc3 Qf4 36. b3 Kh6 37. a3 g5 38. b4 axb4 39. axb4 g4 40. hxg4
Nxg4 41. Qh8+ Kg6 42. Qg8+ Kh6 43. Qe6+ Kg5 44. Qe7+ Kh6 45. Qe6+ Kg5 46. Qg8+
Kh6 47. Qh8+ Kg6 48. Qg8+ Kh6 49. Qh8+ Kg6 50. Qg8+ Kh6 51. Qh8+ 1/2-1/2

[Event "FIDE World Blitz 2013"]
[Site "Khanty-Mansiysk RUS"]
[Date "2013.06.09"]
[Round "16.11"]
[White "Grachev, Boris"]
[Black "Zvjaginsev, Vadim"]
[Result "1/2-1/2"]
[WhiteTitle "GM"]
[BlackTitle "GM"]
[WhiteElo "2683"]
[BlackElo "2659"]
[WhiteFideId "4129199"]
[BlackFideId "4113403"]
[EventDate "2013.06.09"]

1. d4 c5 2. e3 Nf6 3. Nf3 g6 4. dxc5 Qa5+ 5. c3 Qxc5 6. b4 Qc7 7. Bb2 Bg7 8. Be2
O-O 9. O-O b6 10. a3 Bb7 11. Nbd2 d6 12. c4 Nbd7 13. Nd4 Rac8 14. Rc1 Qb8 15.
Bf3 Ne5 16. Bxb7 Qxb7 17. Qb3 Nc6 18. N2f3 Nxd4 19. Bxd4 Rc7 20. Rc2 Rfc8 21.
Rfc1 Qe4 1/2-1/2

[Event "FIDE World Blitz 2013"]
[Site "Khanty-Mansiysk RUS"]
[Date "2013.06.09"]
[Round "16.14"]
[White "Popov, Ivan RUS"]
[Black "Tkachiev, Vladislav"]
[Result "1-0"]
[WhiteTitle "GM"]
[BlackTitle "GM"]
[WhiteElo "2632"]
[BlackElo "2649"]
[WhiteFideId "4170350"]
[BlackFideId "618438"]
[EventDate "2013.06.09"]

1. e4 e5 2. Nc3 Nf6 3. f4 d5 4. fxe5 Nxe4 5. Nf3 Be7 6. Qe2 Nxc3 7. dxc3 c5 8.
Bf4 Nc6 9. O-O-O Be6 10. h4 h6 11. g3 Qa5 12. Kb1 O-O-O 13. Bh3 Bxh3 14. Rxh3
Qa4 15. Rhh1 Qe4 16. Qd3 c4 17. Qe3 Qxe3 18. Bxe3 Rhe8 19. Rd2 Bd6 20. Bxa7 Nxe5
21. Nd4 Nc6 22. Bb6 Bc7 23. Bxc7 Kxc7 24. Nf5 Re5 25. Rf1 Rg8 26. Kc1 h5 27. Nd4
f6 28. b3 Nxd4 29. Rxd4 cxb3 30. axb3 Re3 31. Kb2 Rxg3 32. Rxd5 Rd8 33. Rxh5 Rd2
34. Rc5+ Kb8 35. Re1 Rgg2 36. Re7 Rxc2+ 37. Ka3 Ra2+ 38. Kb4 Rg4+ 39. c4 Ra6 40.
Rb5 Ra7 41. h5 Kc8 42. Rc5+ Kd8 43. Rcc7 Rg5 44. Rxg7 Rxg7 45. Rxg7 1-0

[Event "FIDE World Blitz 2013"]
[Site "Khanty-Mansiysk RUS"]
[Date "2013.06.09"]
[Round "16.15"]
[White "Potkin, Vladimir"]
[Black "Gundavaa, Bayarsaikhan"]
[Result "1/2-1/2"]
[WhiteTitle "GM"]
[BlackTitle "GM"]
[WhiteElo "2647"]
[BlackElo "2516"]
[WhiteFideId "4131061"]
[BlackFideId "4901045"]
[EventDate "2013.06.09"]

1. d4 Nf6 2. c4 e6 3. Nc3 Bb4 4. e3 O-O 5. Bd3 d5 6. Nf3 c5 7. O-O cxd4 8. exd4
dxc4 9. Bxc4 b6 10. Qe2 Bb7 11. Rd1 Nbd7 12. d5 Bxc3 13. dxe6 fxe6 14. bxc3 Bxf3
15. Bxe6+ Kh8 16. Qxf3 Qe7 17. Bxd7 Nxd7 18. Qg3 Nc5 19. Ba3 Rae8 20. h3 Rf7 21.
Rd5 Ref8 22. Re5 Qf6 23. Bxc5 bxc5 24. f3 c4 25. Rae1 h6 26. Kh2 Rd7 27. R1e4
Rd2 28. a4 Qxf3 29. Qxf3 Rxf3 30. Re3 Rxe3 31. Rxe3 Ra2 32. Re7 Rxa4 33. Rc7 a5
34. Kg3 Kh7 35. Kf4 Kg6 36. g4 Ra1 37. Rc6+ Kh7 38. Rxc4 a4 39. Kg3 a3 40. Ra4
a2 41. Kg2 Rc1 42. Rxa2 Rxc3 1/2-1/2

[Event "FIDE World Blitz 2013"]
[Site "Khanty-Mansiysk RUS"]
[Date "2013.06.09"]
[Round "16.16"]
[White "Pridorozhni, Aleksei"]
[Black "Safarli, Eltaj"]
[Result "0-1"]
[WhiteTitle "GM"]
[BlackTitle "GM"]
[WhiteElo "2512"]
[BlackElo "2660"]
[WhiteFideId "4127870"]
[BlackFideId "13402129"]
[EventDate "2013.06.09"]

1. e4 e5 2. Bc4 Nf6 3. d3 c6 4. Nf3 d5 5. Bb3 Bb4+ 6. Bd2 Bxd2+ 7. Nbxd2 Nbd7 8.
O-O O-O 9. Re1 Re8 10. Nf1 Qc7 11. Ng3 Nc5 12. h3 dxe4 13. Nxe4 Nfxe4 14. dxe4
a5 15. Ng5 Nxb3 16. axb3 f6 17. Nf3 Be6 18. Qe2 Qb6 19. Qe3 Qxe3 20. Rxe3 Red8
21. Kf1 Kf7 22. Ke2 Ke7 23. Rd3 Rxd3 24. Kxd3 b6 25. Ke3 Rd8 26. Ne1 c5 27. Nf3
c4 28. bxc4 Bxc4 29. Nd2 Be6 30. h4 Rc8 31. c3 h5 32. Kd3 Rd8+ 33. Kc2 g5 34.
Rh1 g4 35. Ra1 f5 36. b4 axb4 37. cxb4 fxe4 38. Ra7+ Kf8 39. Rh7 e3 40. Rh8+ Ke7
41. Rh7+ Kf6 42. Rh6+ Kg7 43. Rxe6 Rxd2+ 44. Kc3 exf2 0-1

[Event "FIDE World Blitz 2013"]
[Site "Khanty-Mansiysk RUS"]
[Date "2013.06.09"]
[Round "16.18"]
[White "Khismatullin, Denis"]
[Black "Riazantsev, Alexander"]
[Result "0-1"]
[WhiteTitle "GM"]
[BlackTitle "GM"]
[WhiteElo "2658"]
[BlackElo "2708"]
[WhiteFideId "4142578"]
[BlackFideId "4125029"]
[EventDate "2013.06.09"]

1. d4 Nf6 2. c4 e6 3. Nc3 Bb4 4. e3 O-O 5. Bd3 c5 6. Ne2 cxd4 7. exd4 d5 8. cxd5
Nxd5 9. O-O Nc6 10. Bc2 Re8 11. Qd3 g6 12. Bh6 Be7 13. Qf3 Bf6 14. Rad1 Bh8 15.
Rfe1 Bd7 16. Bb3 Nce7 17. Nxd5 Nxd5 18. Bxd5 exd5 19. h3 Qb6 20. Nf4 Bc6 21. Nh5
Ba4 22. b3 gxh5 23. Qg3+ 0-1

[Event "FIDE World Blitz 2013"]
[Site "Khanty-Mansiysk RUS"]
[Date "2013.06.09"]
[Round "16.19"]
[White "Vitiugov, Nikita"]
[Black "Khairullin, Ildar"]
[Result "1/2-1/2"]
[WhiteTitle "GM"]
[BlackTitle "GM"]
[WhiteElo "2734"]
[BlackElo "2658"]
[WhiteFideId "4152956"]
[BlackFideId "4151348"]
[EventDate "2013.06.09"]

1. e4 e5 2. Nf3 Nc6 3. Bb5 Nf6 4. O-O Nxe4 5. Re1 Nd6 6. Nxe5 Be7 7. Bf1 Nxe5 8.
Rxe5 O-O 9. d4 Bf6 10. Re1 Nf5 11. c3 d5 12. Bf4 Nh4 13. Bg3 Nf5 14. Bf4 Nh4 15.
Bg3 Nf5 16. Bf4 1/2-1/2

[Event "FIDE World Blitz 2013"]
[Site "Khanty-Mansiysk RUS"]
[Date "2013.06.09"]
[Round "16.20"]
[White "Georgiev, Kiril"]
[Black "Lagno, Kateryna"]
[Result "1-0"]
[WhiteTitle "GM"]
[BlackTitle "GM"]
[WhiteElo "2636"]
[BlackElo "2542"]
[WhiteFideId "2900017"]
[BlackFideId "14109336"]
[EventDate "2013.06.09"]

1. c4 g6 2. d4 Nf6 3. Nc3 d5 4. Bg5 Ne4 5. Bh4 Nxc3 6. bxc3 dxc4 7. e3 Be6 8.
Nf3 Bg7 9. Be2 Nd7 10. O-O Nb6 11. a4 a5 12. Qc2 O-O 13. Rfb1 Qd7 14. Nd2 Bd5
15. e4 Bc6 16. Rxb6 cxb6 17. Nxc4 Bxa4 18. Rxa4 b5 19. Nb6 Qc6 20. Nd5 Rfe8 21.
Ra2 Kf8 22. Qb1 b4 23. cxb4 Bxd4 24. bxa5 Rac8 25. Bg5 Qc5 26. Bb5 e6 27. Bxe8
Kxe8 28. Nb6 Rc6 29. Bf4 e5 30. Bg5 f6 31. Bd2 Bxf2+ 32. Kh1 Bd4 33. Nd5 Qc4 34.
h3 Qe2 35. Bb4 Qb5 36. Qe1 Rc4 37. Re2 Qc6 38. Bd2 Kf7 39. Kh2 Rc2 40. Qh4 Kg7
41. Bh6+ Kg8 42. Ne7+ 1-0